000 00937nam a22002297a 4500
003 OSt
005 20250911175530.0
008 240208b ||||| |||| 00| 0 eng d
040 _c0
082 _aDPer 621.381 In821 April 2022 v. 37 n. 4
100 _aLi, Lei.
_eauthor.
_951960
245 _aMonopolar symmetrical DC-DC converter for all DC offshore wind farms /
_cLei Li, Binbin Li, Zhiyuan Wang, Ming Yang, and Dianguo Xu.
260 _aNew York ;
_bThe Institute of Electrical and Electronics Engineers, Inc. ,
_c April 2022.
300 _aVolume 37, pages 4275-4287 :
_billustration ;
_c28 cm.
500 _aIEEE Transaction on Power Electronics, vol. 37, no. 4, pages 4275-4287, April 2022.
700 _aLi, Lei.
_eauthor.
_951960
700 _aLi, Binbin.
_eauthor.
_951961
700 _aWang, Zhiyuan.
_eauthor.
_951962
700 _aYang, Ming.
_eauthor.
_951963
700 _aXu, Dianguo.
_eauthor.
_951964
942 _2ddc
_cPER
999 _c19022
_d19022